<?xml version="1.0" encoding="UTF-8"?>
<record
    xmlns:xsi="http://www.w3.org/2001/XMLSchema-instance"
    xsi:schemaLocation="http://www.loc.gov/MARC21/slim http://www.loc.gov/standards/marcxml/schema/MARC21slim.xsd"
    xmlns="http://www.loc.gov/MARC21/slim">

  <leader>00289    a2200109   4500</leader>
  <controlfield tag="005">20250628144928.0</controlfield>
  <datafield tag="100" ind1=" " ind2=" ">
    <subfield code="a">SCHAEFER, W</subfield>
  </datafield>
  <datafield tag="245" ind1=" " ind2=" ">
    <subfield code="a">Business Administration Manual</subfield>
  </datafield>
  <datafield tag="260" ind1=" " ind2=" ">
    <subfield code="a">Dar es salaam</subfield>
    <subfield code="b">College of Business Education</subfield>
    <subfield code="c">1978</subfield>
  </datafield>
  <datafield tag="300" ind1=" " ind2=" ">
    <subfield code="a">232p.: ill; Table</subfield>
    <subfield code="c">29cm</subfield>
  </datafield>
  <datafield tag="942" ind1=" " ind2=" ">
    <subfield code="2">ddc</subfield>
    <subfield code="c">BKS</subfield>
  </datafield>
  <datafield tag="999" ind1=" " ind2=" ">
    <subfield code="c">6067</subfield>
    <subfield code="d">6067</subfield>
  </datafield>
  <datafield tag="952" ind1=" " ind2=" ">
    <subfield code="r">2025-06-28 14:50:46</subfield>
    <subfield code="l">0</subfield>
    <subfield code="o">568 SCH</subfield>
    <subfield code="p">MBY000818</subfield>
    <subfield code="v">150000.00</subfield>
    <subfield code="w">2025-06-28</subfield>
    <subfield code="y">BKS</subfield>
    <subfield code="1">0</subfield>
    <subfield code="2">ddc</subfield>
    <subfield code="4">0</subfield>
    <subfield code="7">0</subfield>
    <subfield code="0">0</subfield>
    <subfield code="a">002</subfield>
    <subfield code="b">002</subfield>
    <subfield code="c">GEN</subfield>
    <subfield code="d">2016-12-08</subfield>
    <subfield code="e">Purchase</subfield>
    <subfield code="g">50000.00</subfield>
  </datafield>
  <datafield tag="952" ind1=" " ind2=" ">
    <subfield code="r">2025-06-28 16:32:55</subfield>
    <subfield code="l">0</subfield>
    <subfield code="o">658 SCH</subfield>
    <subfield code="p">MBY000981</subfield>
    <subfield code="v">150000.00</subfield>
    <subfield code="w">2025-06-28</subfield>
    <subfield code="y">BKS</subfield>
    <subfield code="1">0</subfield>
    <subfield code="2">ddc</subfield>
    <subfield code="4">0</subfield>
    <subfield code="7">0</subfield>
    <subfield code="0">0</subfield>
    <subfield code="a">002</subfield>
    <subfield code="b">002</subfield>
    <subfield code="c">GEN</subfield>
    <subfield code="d">2025-06-28</subfield>
    <subfield code="e">PURCHASE</subfield>
    <subfield code="g">50000.00</subfield>
  </datafield>
  <datafield tag="952" ind1=" " ind2=" ">
    <subfield code="r">2025-06-28 16:32:55</subfield>
    <subfield code="l">0</subfield>
    <subfield code="o">658 SCH</subfield>
    <subfield code="p">MBY000982</subfield>
    <subfield code="v">150000.00</subfield>
    <subfield code="w">2025-06-28</subfield>
    <subfield code="y">BKS</subfield>
    <subfield code="1">0</subfield>
    <subfield code="2">ddc</subfield>
    <subfield code="4">0</subfield>
    <subfield code="7">0</subfield>
    <subfield code="0">0</subfield>
    <subfield code="a">002</subfield>
    <subfield code="b">002</subfield>
    <subfield code="c">GEN</subfield>
    <subfield code="d">2025-06-28</subfield>
    <subfield code="e">PURCHASE</subfield>
    <subfield code="g">50000.00</subfield>
  </datafield>
  <datafield tag="952" ind1=" " ind2=" ">
    <subfield code="r">2025-06-28 16:32:55</subfield>
    <subfield code="l">0</subfield>
    <subfield code="o">658 SCH</subfield>
    <subfield code="p">MBY000983</subfield>
    <subfield code="v">150000.00</subfield>
    <subfield code="w">2025-06-28</subfield>
    <subfield code="y">BKS</subfield>
    <subfield code="1">0</subfield>
    <subfield code="2">ddc</subfield>
    <subfield code="4">0</subfield>
    <subfield code="7">0</subfield>
    <subfield code="0">0</subfield>
    <subfield code="a">002</subfield>
    <subfield code="b">002</subfield>
    <subfield code="c">GEN</subfield>
    <subfield code="d">2025-06-28</subfield>
    <subfield code="e">PURCHASE</subfield>
    <subfield code="g">50000.00</subfield>
  </datafield>
  <datafield tag="952" ind1=" " ind2=" ">
    <subfield code="r">2025-06-28 18:40:24</subfield>
    <subfield code="l">0</subfield>
    <subfield code="o">568 SCH</subfield>
    <subfield code="p">MBY000951</subfield>
    <subfield code="v">150000.00</subfield>
    <subfield code="w">2025-06-28</subfield>
    <subfield code="y">BKS</subfield>
    <subfield code="1">0</subfield>
    <subfield code="2">ddc</subfield>
    <subfield code="4">0</subfield>
    <subfield code="7">0</subfield>
    <subfield code="0">0</subfield>
    <subfield code="a">002</subfield>
    <subfield code="b">002</subfield>
    <subfield code="c">GEN</subfield>
    <subfield code="d">2016-12-08</subfield>
    <subfield code="e">Purchase</subfield>
    <subfield code="g">50000.00</subfield>
  </datafield>
</record>
